[Event "RUS-ch Blitz Men 2018"]
[Site "Sochi"]
[Date "2018.10.07"]
[Round "6"]
[White "Potapov, Pavel"]
[Black "Chigaev, Maksim"]
[Result "1/2-1/2"]
[WhiteElo "2459"]
[BlackElo "2616"]
[Annotator "RC"]
[PlyCount "78"]
[EventDate "2018.10.07"]
[EventType "swiss"]
[EventCountry "RUS"]
[SourceTitle "playchess.com"]
[Source "ChessBase"]
[SourceQuality "1"]

1. e4 e5 2. Nf3 Nc6 3. Nc3 Nf6 4. d4 exd4 5. Nxd4 Bc5 6. Be3 Bb6 7. Qd2 Ng4 8. Nxc6 dxc6 9. Qxd8+ Kxd8 10. Rd1+ Ke7 11. Bxb6 axb6 12. h3 Nf6 13. Be2 b5 14. a3 g5 15. f3 Be6 16. Kf2 Nd7 17. g3 Nc5 18. f4 f6 19. h4 gxf4 20. gxf4 Rhg8 21. Rhg1 Na6 22. Rxg8 Rxg8 23. Rg1 Rxg1 24. Kxg1 b4 25. axb4 Nxb4 26. Bd1 c5 27. Kf2 c6 28. Ke3 b5 29. Ne2 c4 30. c3 Na6 31. Nd4 Bd7 32. Bc2 c5 33. Nf3 Nc7 34. Nh2 Be6 35. Nf1 Bd7 36. Ng3 Be6 37. Nf1 Bd7 38. Ng3 Be6 39. Nf1 Bd7 1/2-1/2

[Event "RUS-ch Blitz Men 2018"]
[Site "Sochi"]
[Date "2018.10.07"]
[Round "6"]
[White "Murzin, Volodar"]
[Black "Timofeev, Artyom"]
[Result "1/2-1/2"]
[WhiteElo "2450"]
[BlackElo "2610"]
[Annotator "ChessBase"]
[PlyCount "120"]
[EventDate "2018.10.07"]
[EventType "swiss"]
[EventCountry "RUS"]
[SourceTitle "playchess.com"]
[Source "ChessBase"]
[SourceQuality "1"]

1. e4 e6 2. d3 c5 3. Nf3 Nc6 4. g3 g6 5. Bg2 Bg7 6. O-O Nge7 7. Re1 O-O 8. c3 e5 9. a3 d6 10. b4 a6 11. Nbd2 h6 12. Nb3 cxb4 13. cxb4 Be6 14. d4 Bxb3 15. Qxb3 Nxd4 16. Nxd4 exd4 17. Bb2 Qb6 18. Rad1 Rac8 19. Bh3 Rc7 20. Kh1 Kh7 21. Rc1 Rc6 22. Bd7 Rxc1 23. Bxc1 Qc7 24. Bh3 Qc3 25. Qd1 Nc6 26. Re2 Ne5 27. Bb2 Qd3 28. Rd2 Qf3+ 29. Bg2 Qxd1+ 30. Rxd1 Nc6 31. Bh3 Rd8 32. Kg1 d5 33. exd5 Rxd5 34. Bg2 Rd6 35. Be4 f5 36. Bb1 Bf6 37. Kf1 Kg7 38. h4 h5 39. Bc1 Rd7 40. Bf4 Ne7 41. Bd3 Nd5 42. Bd2 Nc3 43. Bxf5 Rc7 44. Bxc3 Rxc3 45. Be4 b5 46. Rd3 Rc1+ 47. Ke2 Rc2+ 48. Kf3 Rc7 49. Bd5 Kf8 50. Be4 Kf7 51. Ke2 Re7 52. Kf3 Rc7 53. Ke2 Rd7 54. Bc6 Rc7 55. Be4 Re7 56. Kf3 Rc7 57. Ke2 Re7 58. Kf3 Rc7 59. Ke2 Re7 60. Kf3 Rc7 1/2-1/2

[Event "RUS-ch Blitz Men 2018"]
[Site "Sochi"]
[Date "2018.10.07"]
[Round "6"]
[White "Kozionov, Kirill"]
[Black "Morozevich, Alexander"]
[Result "1-0"]
[WhiteElo "2442"]
[BlackElo "2677"]
[Annotator "TA"]
[PlyCount "107"]
[EventDate "2018.10.07"]
[EventType "swiss"]
[EventCountry "RUS"]
[SourceTitle "playchess.com"]
[Source "ChessBase"]
[SourceQuality "1"]

1. d4 d5 2. c4 e5 3. dxe5 d4 4. Nf3 Nc6 5. a3 Nge7 6. b4 Ng6 7. Bb2 a5 8. b5 Ncxe5 9. Qxd4 Nxf3+ 10. gxf3 Qxd4 11. Bxd4 Be6 12. e3 Nh4 13. Nd2 O-O-O 14. Be2 Rg8 15. Rg1 Be7 16. Ne4 f6 17. Bc5 Rde8 18. Bxe7 Rxe7 19. Kd2 Rd8+ 20. Kc3 Bf5 21. Ng3 Bg6 22. Rad1 Rxd1 23. Rxd1 b6 24. Rd4 Nf5 25. Nxf5 Bxf5 26. Bd3 Bxd3 27. Kxd3 Re6 28. Rh4 h6 29. Re4 Rd6+ 30. Kc2 c6 31. Re7 g5 32. bxc6 Rxc6 33. Kd3 Rd6+ 34. Ke4 Rd2 35. Re6 Rxf2 36. Rxf6 Rxh2 37. Rxb6 h5 38. Rb5 Rg2 39. f4 gxf4 40. Kxf4 Rg4+ 41. Kf3 Rxc4 42. Rxa5 h4 43. a4 Kd7 44. Ra6 Ke7 45. a5 Ra4 46. Ra8 Kf6 47. a6 Kg7 48. a7 h3 49. Kg3 Ra3 50. Kh2 Kh7 51. e4 Kg7 52. e5 Kh7 53. e6 Kg7 54. e7 1-0

[Event "RUS-ch Blitz Men 2018"]
[Site "Sochi"]
[Date "2018.10.07"]
[Round "6"]
[White "Apryshko, Gleb"]
[Black "Matlakov, Maxim"]
[Result "0-1"]
[WhiteElo "2440"]
[BlackElo "2705"]
[Annotator "TA"]
[PlyCount "39"]
[EventDate "2018.10.07"]
[EventType "swiss"]
[EventCountry "RUS"]
[SourceTitle "playchess.com"]
[Source "ChessBase"]
[SourceQuality "1"]

1. e4 d6 2. d4 Nf6 3. Nc3 g6 4. Nge2 Bg7 5. h3 O-O 6. g4 c6 7. Bg2 e5 8. a4 a5 9. Be3 Qe7 10. O-O h5 11. f3 Na6 12. Qd2 hxg4 13. hxg4 Nb4 14. Ng3 Rd8 15. Rad1 Be6 16. dxe5 dxe5 17. Qf2 Nh7 18. b3 Bf6 19. Bc5 Qe8 20. Qe2 0-1

[Event "RUS-ch Blitz Men 2018"]
[Site "Sochi"]
[Date "2018.10.07"]
[Round "6"]
[White "Lugovskoy, Maxim"]
[Black "Ponkratov, Pavel"]
[Result "0-1"]
[WhiteElo "2436"]
[BlackElo "2647"]
[Annotator "TA"]
[PlyCount "62"]
[EventDate "2018.10.07"]
[EventType "swiss"]
[EventCountry "RUS"]
[SourceTitle "playchess.com"]
[Source "ChessBase"]
[SourceQuality "1"]

1. d4 Nf6 2. Nc3 e6 3. e4 d5 4. e5 Nfd7 5. f4 c5 6. Nf3 Nc6 7. Be3 Qa5 8. Be2 Rb8 9. O-O b5 10. a3 b4 11. axb4 Qxb4 12. Kh1 cxd4 13. Nxd4 Nxd4 14. Bxd4 Bc5 15. Bxc5 Qxc5 16. Bd3 O-O 17. Rf3 f5 18. Rh3 Rb4 19. Qh5 h6 20. Qg6 Rxf4 21. Qxe6+ Kh7 22. Nxd5 Rf2 23. Ne7 Nxe5 24. Nxc8 Nxd3 25. Rxd3 Rxc8 26. Rg3 Rc7 27. Re1 Qb6 28. Qe5 Rf7 29. h3 Rxc2 30. Rxg7+ Rxg7 31. Qxf5+ Qg6 0-1

[Event "RUS-ch Blitz Men 2018"]
[Site "Sochi"]
[Date "2018.10.07"]
[Round "6"]
[White "Kozak, Alexander"]
[Black "Bocharov, Ivan"]
[Result "0-1"]
[WhiteElo "2431"]
[BlackElo "2667"]
[Annotator "TA"]
[PlyCount "162"]
[EventDate "2018.10.07"]
[EventType "swiss"]
[EventCountry "RUS"]
[SourceTitle "playchess.com"]
[Source "ChessBase"]
[SourceQuality "1"]

1. e4 e5 2. Nf3 Nc6 3. Bb5 a6 4. Bxc6 dxc6 5. O-O Bg4 6. h3 h5 7. d3 Qf6 8. Nbd2 Bc5 9. Nc4 Bxf3 10. Qxf3 Qxf3 11. gxf3 f6 12. f4 exf4 13. Bxf4 O-O-O 14. Be3 Bxe3 15. Nxe3 Ne7 16. f4 c5 17. a4 Nc6 18. Rf2 Nb4 19. Rg2 Rd7 20. Kf2 c4 21. dxc4 Re8 22. Nd5 Nxc2 23. Rc1 Nd4 24. Re1 Nb3 25. Kf3 Rf7 26. Ke3 Nc5 27. Kd4 Nxa4 28. b3 Nb6 29. Reg1 Nxd5 30. exd5 Ree7 31. c5 Kd7 32. b4 f5 33. Rg5 Ke8 34. Rxh5 Re4+ 35. Kc3 Rxf4 36. Rhg5 Kf8 37. R1g3 Rf1 38. h4 f4 39. Rg1 Rxg1 40. Rxg1 f3 41. Kd3 f2 42. Rf1 Ke7 43. Ke3 Rf5 44. Rxf2 Rxd5 45. Rg2 Kf6 46. Ke4 Re5+ 47. Kd4 Rf5 48. Rg4 b6 49. Re4 a5 50. bxa5 Rxc5 51. axb6 cxb6 52. Rf4+ Kg6 53. Re4 Rb5 54. Kc4 Rf5 55. Re6+ Rf6 56. Re5 Rc6+ 57. Kd3 Kh6 58. Kd4 g6 59. Rb5 Rf6 60. Ke4 Kg7 61. Rb1 Kf7 62. Ke5 b5 63. Ke4 Rf5 64. Rc1 Rh5 65. Rc7+ Kf6 66. Rc6+ Kg7 67. Rb6 Rxh4+ 68. Kf3 b4 69. Kg3 Rc4 70. Kf3 Kh6 71. Rb5 g5 72. Kg3 Kh5 73. Rb8 Rc3+ 74. Kg2 b3 75. Rb4 g4 76. Rb8 Rc2+ 77. Kg3 Rc3+ 78. Kg2 Kg5 79. Rb5+ Kh4 80. Rb8 Rc2+ 81. Kg1 b2 0-1

[Event "RUS-ch Blitz Men 2018"]
[Site "Sochi"]
[Date "2018.10.07"]
[Round "6"]
[White "Mikhailovsky, Vladimir"]
[Black "Grachev, Boris"]
[Result "1/2-1/2"]
[WhiteElo "2411"]
[BlackElo "2646"]
[Annotator "TA"]
[PlyCount "101"]
[EventDate "2018.10.07"]
[EventType "swiss"]
[EventCountry "RUS"]
[SourceTitle "playchess.com"]
[Source "ChessBase"]
[SourceQuality "1"]

1. Nf3 d5 2. g3 Bf5 3. Bg2 e6 4. b3 h6 5. Bb2 Nf6 6. O-O a5 7. c4 c6 8. cxd5 exd5 9. Nc3 Be7 10. d3 O-O 11. Nd4 Bh7 12. e4 Na6 13. Nf5 Bxf5 14. exf5 Re8 15. Re1 Bc5 16. h3 Bd4 17. Qd2 Qd7 18. g4 Rxe1+ 19. Rxe1 Re8 20. Rxe8+ Qxe8 21. Kf1 Nc5 22. Na4 Bxb2 23. Nxc5 Ba3 24. Nxb7 Bb4 25. Qe3 Qb8 26. Nc5 Bxc5 27. Qxc5 Qe5 28. Qxa5 Qa1+ 29. Ke2 Qe5+ 30. Kf3 h5 31. Qb4 hxg4+ 32. hxg4 d4 33. Qd2 Nd5 34. Bf1 Qh2 35. a4 Qh1+ 36. Bg2 Qa1 37. Qe2 Qc1 38. Qe8+ Kh7 39. Qe4 f6 40. Qxd4 Nc3 41. Qe3 Qd1+ 42. Kg3 Qxb3 43. g5 Qb8+ 44. Kh3 Nd5 45. g6+ Kh8 46. Bxd5 cxd5 47. Kg4 Kg8 48. Qe6+ Kh8 49. Qxd5 Qf4+ 50. Kh3 Qg3+ 51. fxg3 1/2-1/2

[Event "RUS-ch Blitz Men 2018"]
[Site "Sochi"]
[Date "2018.10.07"]
[Round "6"]
[White "Gogolev, Artem"]
[Black "Alekseev, Evgeny"]
[Result "0-1"]
[WhiteElo "2360"]
[BlackElo "2629"]
[Annotator "TA"]
[PlyCount "74"]
[EventDate "2018.10.07"]
[EventType "swiss"]
[EventCountry "RUS"]
[SourceTitle "playchess.com"]
[Source "ChessBase"]
[SourceQuality "1"]

1. Nf3 c5 2. c4 Nc6 3. d4 cxd4 4. Nxd4 Qb6 5. Nb3 e6 6. g3 Ne5 7. e4 Nf6 8. Qe2 Bb4+ 9. Bd2 Bxd2+ 10. N1xd2 d6 11. Bg2 a5 12. Nf3 a4 13. Nc1 Qb4+ 14. Qd2 Qxc4 15. Nxe5 dxe5 16. Ne2 Nxe4 17. Bxe4 Qxe4 18. O-O O-O 19. Rfe1 b6 20. Nc3 Qc6 21. Rac1 Bb7 22. Ne4 Qd5 23. Qg5 f6 24. Qh4 Rad8 25. Rc7 Rd7 26. Rxd7 Qxd7 27. Qh5 Qd5 28. f3 Qd4+ 29. Kg2 Qxb2+ 30. Kh3 Bd5 31. Qh4 b5 32. Rd1 b4 33. Nd6 Qc3 34. Rf1 b3 35. Qxa4 bxa2 36. Qa7 Qd4 37. Qa6 Ra8 0-1

[Event "RUS-ch Blitz Men 2018"]
[Site "Sochi"]
[Date "2018.10.07"]
[Round "6"]
[White "Derjabin, Ilja"]
[Black "Pridorozhni, Aleksei"]
[Result "0-1"]
[WhiteElo "2356"]
[BlackElo "2618"]
[Annotator "TA"]
[PlyCount "94"]
[EventDate "2018.10.07"]
[EventType "swiss"]
[EventCountry "RUS"]
[SourceTitle "playchess.com"]
[Source "ChessBase"]
[SourceQuality "1"]

1. Nf3 d5 2. g3 c6 3. Bg2 Bg4 4. Ne5 Bf5 5. c4 Nd7 6. Nxd7 Qxd7 7. cxd5 cxd5 8. Nc3 Nf6 9. O-O Bh3 10. Qa4 Bxg2 11. Kxg2 Qxa4 12. Nxa4 e6 13. d3 Bd6 14. Be3 Kd7 15. Rac1 b6 16. b3 Rab8 17. Bd4 e5 18. Bb2 Rhc8 19. Rxc8 Rxc8 20. Rc1 Rxc1 21. Bxc1 d4 22. e4 b5 23. Nb2 Ba3 24. Kf1 Ke6 25. Ke2 Nd7 26. Kd2 Nc5 27. Kc2 a6 28. f3 g6 29. h3 f5 30. Kd2 Kf6 31. Kc2 Kf7 32. Kd2 Ke6 33. Kc2 Kf6 34. Kd2 f4 35. gxf4 exf4 36. Kc2 g5 37. b4 Bxb4 38. Nd1 Nd7 39. Bb2 Bc5 40. Nf2 h5 41. Kb3 Ne5 42. a4 Nxf3 43. axb5 axb5 44. e5+ Kxe5 45. Ne4 Be7 46. Bc1 g4 47. hxg4 hxg4 0-1

[Event "RUS-ch Blitz Men 2018"]
[Site "Sochi"]
[Date "2018.10.07"]
[Round "6"]
[White "Asanov, Timur"]
[Black "Dzhumagaliev, Yan"]
[Result "0-1"]
[WhiteElo "2310"]
[BlackElo "2527"]
[Annotator "TA"]
[PlyCount "172"]
[EventDate "2018.10.07"]
[EventType "swiss"]
[EventCountry "RUS"]
[SourceTitle "playchess.com"]
[Source "ChessBase"]
[SourceQuality "1"]

1. d4 Nf6 2. Nf3 e6 3. Bf4 c5 4. c3 Nc6 5. e3 d5 6. Nbd2 Nh5 7. Bg3 Qb6 8. Qb3 c4 9. Qc2 Be7 10. e4 Bd7 11. Be2 O-O 12. exd5 exd5 13. Ne5 Nxe5 14. Bxe5 Qh6 15. b3 b5 16. O-O Nf4 17. Bf3 Be6 18. a4 cxb3 19. Qxb3 bxa4 20. Rxa4 Nd3 21. Qa2 Nxe5 22. dxe5 d4 23. c4 Rad8 24. Rxa7 Bc5 25. Ra5 Bb4 26. Rd1 Bxa5 27. Qxa5 Rb8 28. g3 Qg5 29. Ne4 Qf5 30. Bg2 Bxc4 31. Nd6 Qc2 32. Qe1 Be6 33. Be4 Qc3 34. Qe2 Rb2 35. Qh5 g6 36. Qf3 Qxf3 37. Bxf3 Rb4 38. Ne4 Kg7 39. Nc5 Bf5 40. g4 Bc2 41. Rd2 Rc4 42. Nd7 Rd8 43. Nb6 Rc3 44. Bg2 d3 45. f4 Rb3 46. Nd5 Rb5 47. Ne3 Rb4 48. f5 Bb3 49. Kf2 h5 50. h3 hxg4 51. hxg4 gxf5 52. gxf5 Rb5 53. Ng4 Rd4 54. Bf3 Bd5 55. Bxd5 Rdxd5 56. Kf3 Rb4 57. Ne3 Rxe5 58. Rxd3 Ra4 59. Rc3 Rea5 60. Rd3 Ra3 61. Rxa3 Rxa3 62. Kf4 Ra4+ 63. Ke5 Ra5+ 64. Kf4 Kf8 65. Kg5 Kg7 66. Kf4 Kf6 67. Ng4+ Ke7 68. Ne3 Ra4+ 69. Ke5 f6+ 70. Kd5 Rf4 71. Kc5 Kf7 72. Kd5 Kg7 73. Kc5 Re4 74. Nc4 Kh6 75. Kd5 Re1 76. Nd6 Kg5 77. Kc6 Rd1 78. Nc4 Rc1 79. Kd5 Rxc4 80. Kxc4 Kxf5 81. Kd3 Kg4 82. Ke2 Kg3 83. Kf1 Kf3 84. Ke1 f5 85. Kf1 f4 86. Ke1 Kg2 0-1

[Event "RUS-ch Blitz Men 2018"]
[Site "Sochi"]
[Date "2018.10.07"]
[Round "6"]
[White "Pogosian, Samvel"]
[Black "Kabanov, Nikolai"]
[Result "0-1"]
[WhiteElo "2308"]
[BlackElo "2406"]
[Annotator "NA"]
[PlyCount "80"]
[EventDate "2018.10.07"]
[EventType "swiss"]
[EventCountry "RUS"]
[SourceTitle "playchess.com"]
[Source "ChessBase"]
[SourceQuality "1"]

1. d4 Nf6 2. Nf3 g6 3. Nbd2 Bg7 4. e4 d5 5. Bd3 dxe4 6. Nxe4 Nbd7 7. c3 O-O 8. Nxf6+ Nxf6 9. O-O b6 10. Re1 Bb7 11. Qe2 e6 12. Bg5 c5 13. dxc5 bxc5 14. Rad1 Qc7 15. Bh4 Nd5 16. Bg3 Qb6 17. Be5 f6 18. Bg3 Rfe8 19. h4 Bh6 20. h5 Kg7 21. hxg6 hxg6 22. Qe4 Nf4 23. Qa4 Bc6 24. Qc4 Bd5 25. Qa4 Bc6 26. Qc4 Nxd3 27. Qxd3 Rad8 28. Qe2 e5 29. Nh4 Qb7 30. Qc2 Qf7 31. Rxd8 Rxd8 32. Rd1 Rxd1+ 33. Qxd1 Qd5 34. Qxd5 Bxd5 35. b3 c4 36. bxc4 Bxc4 37. a4 Bd2 38. Nf3 Bxc3 39. Kh2 Bb3 40. Ng1 Bxa4 0-1

[Event "RUS-ch Blitz Men 2018"]
[Site "Sochi"]
[Date "2018.10.07"]
[Round "6"]
[White "Jary, Sergey"]
[Black "Panarin, Mikhail"]
[Result "0-1"]
[WhiteElo "2305"]
[BlackElo "2526"]
[Annotator "TA"]
[PlyCount "69"]
[EventDate "2018.10.07"]
[EventType "swiss"]
[EventCountry "RUS"]
[SourceTitle "playchess.com"]
[Source "ChessBase"]
[SourceQuality "1"]

1. d4 Nf6 2. Nf3 c5 3. e3 cxd4 4. exd4 d5 5. Bd3 Nc6 6. O-O Bg4 7. c3 e6 8. h3 Bh5 9. Nbd2 Bd6 10. Re1 O-O 11. g4 Bg6 12. Qe2 Bf4 13. Bxg6 hxg6 14. Ne5 Rc8 15. Ndf3 Bxc1 16. Raxc1 Ne4 17. Nxc6 bxc6 18. Ne5 c5 19. f3 Nd6 20. Qf2 cxd4 21. Qxd4 Qc7 22. Kg2 Qb7 23. Rc2 Nc4 24. Nd3 Rfe8 25. Rce2 Qb6 26. b4 Nd6 27. Nc5 Red8 28. h4 Nb5 29. Qe5 d4 30. cxd4 Nxd4 31. Rb2 Rd5 32. Qe3 Rdxc5 33. h5 gxh5 34. Rd2 Rc2 35. g5 0-1

[Event "RUS-ch Blitz Men 2018"]
[Site "Sochi"]
[Date "2018.10.07"]
[Round "6"]
[White "Miroshnichenko, Pavel"]
[Black "Drygalov, Sergey"]
[Result "0-1"]
[WhiteElo "2302"]
[BlackElo "2496"]
[Annotator "TA"]
[PlyCount "54"]
[EventDate "2018.10.07"]
[EventType "swiss"]
[EventCountry "RUS"]
[SourceTitle "playchess.com"]
[Source "ChessBase"]
[SourceQuality "1"]

1. e4 c5 2. Nf3 d6 3. d4 cxd4 4. Nxd4 Nf6 5. Nc3 a6 6. f4 Qc7 7. Bd3 e6 8. O-O Be7 9. Kh1 Nbd7 10. Qe1 b5 11. a4 b4 12. Nce2 Bb7 13. Ng3 h5 14. f5 e5 15. Ne6 fxe6 16. fxe6 Nc5 17. Bc4 Ncxe4 18. Bd3 Nc5 19. Bg6+ Kd8 20. Bg5 h4 21. Nf5 h3 22. Kg1 hxg2 23. Rf2 Nxe6 24. Be3 Ng4 25. Nxe7 Rxh2 26. Rxg2 Rxg2+ 27. Kf1 Nh2# 0-1

[Event "RUS-ch Blitz Men 2018"]
[Site "Sochi"]
[Date "2018.10.07"]
[Round "6"]
[White "Tekeyev, Zaur"]
[Black "Hasangatin, Ramil"]
[Result "0-1"]
[WhiteElo "2301"]
[BlackElo "2496"]
[Annotator "TA"]
[PlyCount "98"]
[EventDate "2018.10.07"]
[EventType "swiss"]
[EventCountry "RUS"]
[SourceTitle "playchess.com"]
[Source "ChessBase"]
[SourceQuality "1"]

1. e4 d5 2. exd5 Qxd5 3. Nc3 Qd6 4. d4 Nf6 5. Nf3 c6 6. h3 Bf5 7. Ne5 Nbd7 8. Nc4 Qc7 9. Qf3 Bg6 10. Bf4 Qd8 11. O-O-O e6 12. g4 Nb6 13. Ne5 Nbd5 14. h4 Nxc3 15. Qxc3 Nd5 16. Qg3 Qa5 17. Bc4 Nb4 18. Nxg6 hxg6 19. Bc7 b6 20. Kb1 Nd5 21. Bd6 O-O-O 22. Bb8 Rd7 23. Bb3 Nc7 24. Bxc7 Rxc7 25. c4 Rd7 26. d5 Bd6 27. Qf3 exd5 28. cxd5 c5 29. h5 gxh5 30. gxh5 Qb4 31. Rhg1 f6 32. Qf5 Kc7 33. Rd3 Re8 34. Rc1 Re1 35. Rdd1 Qe4+ 36. Qxe4 Rxe4 37. Bc4 Be5 38. Bb5 Re7 39. Rd3 Kd6 40. Rh1 Rf4 41. Bc6 Rxf2 42. Rb3 Bd4 43. Bb5 Re5 44. Bc4 Rg5 45. Re1 Be5 46. Re2 Rf4 47. Rc2 Rg1+ 48. Rc1 Rxc1+ 49. Kxc1 Rxc4+ 0-1

[Event "RUS-ch Blitz Men 2018"]
[Site "Sochi"]
[Date "2018.10.07"]
[Round "6"]
[White "Sergeyev, Alexander"]
[Black "Kobalia, Mikhail"]
[Result "0-1"]
[WhiteElo "2277"]
[BlackElo "2492"]
[Annotator "RC"]
[PlyCount "68"]
[EventDate "2018.10.07"]
[EventType "swiss"]
[EventCountry "RUS"]
[SourceTitle "playchess.com"]
[Source "ChessBase"]
[SourceQuality "1"]

1. d4 f5 2. Bg5 g6 3. e3 Bg7 4. c4 d6 5. Nc3 Nf6 6. Bd3 O-O 7. Nge2 e5 8. Qb3 e4 9. c5+ Kh8 10. Bc4 Nc6 11. cxd6 Na5 12. Qb4 Nxc4 13. Qxc4 cxd6 14. O-O h6 15. Bxf6 Qxf6 16. Nf4 g5 17. Nh5 Qf7 18. Qxf7 Rxf7 19. Nxg7 Kxg7 20. Nb5 Rf6 21. Rac1 a6 22. Rc7+ Kg6 23. Nc3 Rf7 24. Rc4 Be6 25. d5 Bd7 26. Rc1 Rd8 27. Rc7 Be8 28. Ne2 Rfd7 29. Nd4 Bf7 30. Ne6 Bxe6 31. dxe6 Rxc7 32. Rxc7 Kf6 33. e7 Re8 34. Rxb7 Ke5 0-1

[Event "RUS-ch Blitz Men 2018"]
[Site "Sochi"]
[Date "2018.10.07"]
[Round "6"]
[White "Gorbatov, Alexej"]
[Black "Yuffa, Daniil"]
[Result "0-1"]
[WhiteElo "2269"]
[BlackElo "2470"]
[Annotator "TA"]
[PlyCount "65"]
[EventDate "2018.10.07"]
[EventType "swiss"]
[EventCountry "RUS"]
[SourceTitle "playchess.com"]
[Source "ChessBase"]
[SourceQuality "1"]

1. Nh3 d5 2. g3 c5 3. c3 Nc6 4. d4 cxd4 5. cxd4 Bf5 6. Nc3 e6 7. Bg2 Nf6 8. O-O Bd6 9. f3 Bg6 10. e4 dxe4 11. fxe4 e5 12. d5 Nd4 13. Nf2 O-O 14. Kh1 b5 15. Be3 b4 16. Ne2 Bh5 17. Bxd4 exd4 18. Qd2 Bxe2 19. Qxe2 Qe7 20. Qd2 Rfe8 21. Rac1 Qe5 22. Rc6 Rad8 23. Rd1 Qh5 24. Qxd4 Bxg3 25. Nh3 Be5 26. Qd2 Nxe4 27. Bxe4 Qxh3 28. Qg2 Qe3 29. Rg1 g6 30. Bxg6 fxg6 31. Rxg6+ Kh8 32. Rg4 Bd4 33. Re4 0-1

[Event "RUS-ch Blitz Men 2018"]
[Site "Sochi"]
[Date "2018.10.07"]
[Round "6"]
[White "Yashmetov, Mikhail"]
[Black "Oparin, Grigoriy"]
[Result "0-1"]
[WhiteElo "2263"]
[BlackElo "2550"]
[Annotator "RC"]
[PlyCount "116"]
[EventDate "2018.10.07"]
[EventType "swiss"]
[EventCountry "RUS"]
[SourceTitle "playchess.com"]
[Source "ChessBase"]
[SourceQuality "1"]

1. Nf3 Nf6 2. g3 b6 3. Bg2 Bb7 4. O-O e6 5. c4 c5 6. Nc3 Be7 7. Re1 Ne4 8. d3 Nxc3 9. bxc3 O-O 10. e4 d6 11. h4 Nc6 12. Bg5 h6 13. Bxe7 Qxe7 14. Qd2 Rad8 15. Kh2 Qc7 16. Rad1 Rfe8 17. Qf4 Bc8 18. h5 Qe7 19. Bh3 Bd7 20. Rg1 Rb8 21. g4 f6 22. d4 e5 23. dxe5 dxe5 24. Qe3 Be6 25. Nh4 Rbd8 26. Rd5 Qf7 27. Nf5 Bxf5 28. gxf5 Qxh5 29. Rg6 Ne7 30. Rg1 Kf8 31. Qd3 Nxd5 32. cxd5 Qh4 33. Qe2 Qf4+ 34. Rg3 Re7 35. Qe1 h5 36. Kg2 Ke8 37. Qe2 Kd7 38. Qb5+ Kc8 39. Qe2 Kb8 40. Rf3 Qc1 41. Rg3 h4 42. Rd3 c4 43. Re3 Rc7 44. Qg4 Qd2 45. Qxh4 Qxa2 46. Rg3 Qa3 47. Qh7 Qf8 48. Rg6 a5 49. Qh5 a4 50. Qd1 a3 51. Qb1 Qc5 52. Rg3 Ra7 53. Qa2 Qb5 54. Re3 Qb3 55. Qa1 Qb2 56. Qf1 a2 57. Qxc4 a1=Q 58. Qc6 Qa4 0-1

[Event "RUS-ch Blitz Men 2018"]
[Site "Sochi"]
[Date "2018.10.07"]
[Round "6"]
[White "Taysayev, Timur"]
[Black "Oganian, Miran"]
[Result "0-1"]
[WhiteElo "2253"]
[BlackElo "2466"]
[Annotator "TA"]
[PlyCount "98"]
[EventDate "2018.10.07"]
[EventType "swiss"]
[EventCountry "RUS"]
[SourceTitle "playchess.com"]
[Source "ChessBase"]
[SourceQuality "1"]

1. e4 c5 2. Nf3 g6 3. d4 cxd4 4. Nxd4 Bg7 5. c4 Nc6 6. Be3 Nf6 7. Nc3 O-O 8. Be2 b6 9. O-O Bb7 10. f3 e6 11. Nxc6 Bxc6 12. Qb3 Qe7 13. Rfe1 Ne8 14. Rad1 f5 15. exf5 gxf5 16. Nb5 Be5 17. f4 Qg7 18. Bf1 Bf6 19. Bd4 Kh8 20. Bxf6 Nxf6 21. Nd4 Be4 22. Nf3 h6 23. Ne5 Rad8 24. Rd6 Ne8 25. Rd2 d5 26. Bd3 Nd6 27. Bf1 Nxc4 28. Bxc4 dxc4 29. Qc3 Rxd2 30. Qxd2 Kh7 31. Nxc4 Rd8 32. Qf2 Qd4 33. Ne3 Qd2 34. Re2 Qc1+ 35. Re1 Qc5 36. h3 Rg8 37. Kf1 Bd3+ 38. Kg1 Be4 39. Re2 Qc1+ 40. Kh2 Qc7 41. b3 Rg7 42. Nc4 Rxg2+ 43. Qxg2 Bxg2 44. Kxg2 Qxf4 45. Ne5 Qg5+ 46. Kf2 Qh4+ 47. Kg2 Qg5+ 48. Kf2 f4 49. Nf3 Qg3+ 0-1

[Event "RUS-ch Blitz Men 2018"]
[Site "Sochi"]
[Date "2018.10.07"]
[Round "7"]
[White "Artemiev, Vladislav"]
[Black "Riazantsev, Alexander"]
[Result "1-0"]
[WhiteElo "2706"]
[BlackElo "2649"]
[Annotator "TA"]
[PlyCount "65"]
[EventDate "2018.10.07"]
[EventType "swiss"]
[EventCountry "RUS"]
[SourceTitle "playchess.com"]
[Source "ChessBase"]
[SourceQuality "1"]

1. e4 c6 2. g3 d5 3. Bg2 g6 4. Nc3 Nf6 5. e5 Ng4 6. d4 Bg7 7. Nf3 f6 8. h3 Nh6 9. O-O O-O 10. Re1 Na6 11. Ne2 Nc7 12. Nf4 Nf7 13. exf6 exf6 14. b3 Bf5 15. Nh4 Bd7 16. Ba3 Re8 17. Rxe8+ Qxe8 18. Qd2 Nb5 19. Re1 Qb8 20. Be7 Nbd6 21. c4 f5 22. cxd5 Ne4 23. Bxe4 fxe4 24. dxc6 bxc6 25. Rxe4 Qb5 26. Bc5 Ng5 27. Re7 Rd8 28. Rxg7+ Kxg7 29. Nh5+ Kh6 30. Nf6 Bxh3 31. Ne4 Rd5 32. Bf8+ Kh5 33. Nf6# 1-0

[Event "RUS-ch Blitz Men 2018"]
[Site "Sochi"]
[Date "2018.10.07"]
[Round "7"]
[White "Sarana, Alexey"]
[Black "Savitskiy, Sergey"]
[Result "1-0"]
[WhiteElo "2641"]
[BlackElo "2283"]
[Annotator "TA"]
[PlyCount "105"]
[EventDate "2018.10.07"]
[EventType "swiss"]
[EventCountry "RUS"]
[SourceTitle "playchess.com"]
[Source "ChessBase"]
[SourceQuality "1"]

1. Nf3 Nf6 2. c4 g6 3. Nc3 Bg7 4. d4 O-O 5. g3 d6 6. Bg2 Nc6 7. O-O a6 8. Qd3 e5 9. dxe5 dxe5 10. Qxd8 Rxd8 11. Bg5 Re8 12. Rfd1 h6 13. Bxf6 Bxf6 14. Nd2 Nd4 15. e3 Ne6 16. b4 a5 17. a3 Bg7 18. Rac1 f5 19. c5 axb4 20. axb4 e4 21. Nc4 Rd8 22. Rxd8+ Nxd8 23. Nd5 Ne6 24. Bf1 Kf8 25. Na5 Bd7 26. Bc4 Be5 27. Nxb7 h5 28. b5 Bc8 29. c6 h4 30. Kg2 Ra3 31. b6 g5 32. bxc7 Bxc7 33. Nxc7 Nxc7 34. Nd6 Ra8 35. gxh4 gxh4 36. Rd1 Ke7 37. Nxc8+ Rxc8 38. Rd7+ Kf6 39. Kh3 Ne8 40. Rf7+ Ke5 41. Rf8 Nd6 42. Rxc8 Nxc8 43. Kxh4 Kd6 44. Kg5 Ne7 45. Kf6 Nxc6 46. Kxf5 Ne5 47. Be2 Nd3 48. f4 Nf2 49. h4 Ke7 50. h5 Kf7 51. Kg5 Nh3+ 52. Kh4 Nf2 53. Kg3 1-0

[Event "RUS-ch Blitz Men 2018"]
[Site "Sochi"]
[Date "2018.10.07"]
[Round "7"]
[White "Alekseenko, Kirill"]
[Black "Hasangatin, Ramil"]
[Result "1-0"]
[WhiteElo "2639"]
[BlackElo "2485"]
[Annotator "TA"]
[PlyCount "95"]
[EventDate "2018.10.07"]
[EventType "swiss"]
[EventCountry "RUS"]
[SourceTitle "playchess.com"]
[Source "ChessBase"]
[SourceQuality "1"]

1. e4 d5 2. exd5 Qxd5 3. Nc3 Qd6 4. Nf3 Nf6 5. d4 c6 6. Bc4 Bg4 7. Be3 Nbd7 8. h3 Bh5 9. O-O e6 10. a4 a5 11. Re1 Be7 12. Be2 O-O 13. Qd2 Qc7 14. Bf4 Bd6 15. Bxd6 Qxd6 16. Rad1 Rad8 17. Qc1 Qb4 18. Ne5 Bxe2 19. Rxe2 Nxe5 20. dxe5 Rxd1+ 21. Nxd1 Nd5 22. b3 b5 23. Nb2 Qc3 24. Nd1 Qb4 25. Nb2 Qa3 26. Re1 Qb4 27. Nd3 Qc3 28. Kh2 bxa4 29. bxa4 h6 30. Re4 Kh7 31. Qd1 Rb8 32. Rg4 Nb4 33. Qe2 Qxc2 34. Qe4+ Kh8 35. Rg3 Nxd3 36. Rxd3 Qxf2 37. Rf3 Qa7 38. Qxc6 Qe7 39. Qa6 Qc7 40. Qe2 Kg8 41. Qe4 Rb4 42. Qe3 Qc4 43. Qa7 Qd5 44. Qxf7+ Kh7 45. Re3 Rxa4 46. Rg3 Qxe5 47. Qg6+ Kh8 48. Qe8+ 1-0